00635nam a2200217Ia 4500003000400000005001700004008004100021020001500062040001800077041000800095082002100103100002400124245005300148250001200201260005000213300003000263650002900293650002900322650003400351650003200385OSt20230904105201.0210716s2002 xx 000 0 und d a8126502398 cAIMIT LIBRARY aeng a005.44 21bNEGC aNegus, Christopher. aRed hat linux 7.2 bible /cby Christopher Nigus. a1st ed. aNew Delhi :bIDG Books India (P) Ltd ,c2002. axxiv,1040 p.;bPBc25 cm. aInstalling red hat linux aWorking with the desktop aPublishing with red hat linux aAdministering red hat linux